000 00555nam a2200205Ia 4500
003 OSt
005 20230505120007.0
008 210423s2012 xx 000 0 und d
020 _a9788173710353
040 _cAL
041 _aeng
082 _a530 VENG
100 _aVENKATARAMAN (G).
_998697
245 _aVignettes in physics: Chandrashekar and his limit.
260 _aNew Delhi
_bUniversities Press
_c2012
300 _aviii,139
_bPB
365 _b195
_cINR
906 _achandrashekar ; his ; limit. ; physics: ; Vignettes
942 _2ddc
_cBK
999 _c162381
_d162381